50 films à remplir - 2018 - Statistiques

Statistiques générales
  • Ce quiz a été pris 233 fois
  • Le résultat moyen est 32 sur 50
Statistiques - réponses
Hint Réponse % Correct
Ant-Man et la ... Guêpe
90%
Le Retour de Mary ... Poppins
90%
A ... Is Born Star
90%
Bohemian ... Rhapsody
89%
... Raider Tomb
88%
Sans un ... Bruit
86%
... ou périr Sauver
86%
Astérix : Le ... de la potion magique Secret
86%
Cinquante nuances plus ... Claires
85%
Black ... Panther
85%
Alad'... 2
84%
... eaux troubles En
83%
Spider-Man: New Generation
83%
Avengers: ... War Infinity
83%
... sa mère, sa mère ! Neuilly
82%
Hôtel Transylvanie 3 : Des ... monstrueuses Vacances
81%
... : J'ai infiltré le Ku Klux Klan BlacKkKlansman
80%
Ne ... pas ! Coupez
77%
Tout le monde ... Debout
77%
Les Animaux fantastiques : Les Crimes de ... Grindelwald
77%
Ready ... One Player
77%
Le Grand ... Bain
74%
La ... de l'eau Forme
74%
Ocean's ... 8
72%
Les ... 3 Tuche
71%
L'Île aux ... Chiens
68%
Les ... 2 Indestructibles
64%
... 5 Taxi
64%
La ... Favorite
63%
...: A Star Wars Story Solo
63%
Jurassic World: ... Kingdom Fallen
62%
Pierre ... Lapin
60%
La mort de ... Staline
60%
... 2 Deadpool
55%
Green ... : Sur les routes du sud Book
54%
... 2.0 Ralph
54%
Mission impossible : ... Fallout
53%
... et le Lion blanc Mia
53%
... Mule La
49%
... Rich Asians Crazy
43%
... Papers Pentagon
43%
An ... Sitting Still Elephant
32%
... (premier film de Ari Aster) Hérédité
27%
Si ... Street pouvait parler Beale
25%
Les Frères ... Sisters
24%
... : Portée disparue Searching
23%
... et Compagnie Yéti
20%
... (de Alex Garland) Annihilation
18%
The Great ...+ Buddha
18%
Heureux comme ... Lazzaro
12%
Aucun quiz correspondant
Distribution des résultats
% des personnes avec chaque résultat
Percentile par nombre de réponses
Votre historique - résultats
Vous n’avez pas pris ce quiz